1997 1279 1200 1252 1423 1536 1175 1341 1771 1176 1661 1962 1621 1022 1554 1895 1034 1438 1842 1845 1092 1536 1941 1849 1241 1576 1848 1854 1696 1479 1955 1801 1548 1223 1930 1654 1448 1290 1065 1100 1164 1208 1213 1480 1939 1158 1332 1882 1199 1269 1172 1151 1112 1009 1581 1484 1787 1757 1755 1909 1195 1586 1027 1409 1572 1355 1601 1365 1948 1891 1485 1273 1067 1271 1267 1515 1248 1992 1568 1501 1077 1886 1362 1392 1627 1837 1657 1383 1140 1546 1836 1871 1161 1358 1262 1871 1716 1018 1008 BCNSPRNW ULIB Ver.6.0+V

เปลี่ยนเป็นภาษาไทย

Change to English
 แสดงรายละเอียดบรรณานุกรม
  กลับหน้าหลัก

Brief Record : Get Marc (ISO 2709) : E-mail record : QR code < ปิดหน้าต่าง
LEADER : 00000nam 2200000uu 4500
001    13399112894
003     ULIB
008    110916s2552||||th 000 0 tha d
020    9786115000067
090    นว.^bณ410ป 2552
100 0  ณารา
245 00 ปฏิบัติการล่าตามหาหัวใจ/^cณารา
250    พิมพ์ครั้งที่ 4
260    กรุงเทพฯ :^bพิมพ์คำ,^c2552
300    384 หน้า
945    ^p250^l0^i16309
995    กัณชพร
999    ^aใช้งานได้ทุกระบบ
รายการนี้ยังไม่มีแท็ก
คุณยังไม่ได้ล็อกอิน คุณสามารถมีกิจกรรมร่วมกับเว็บไซต์ได้ แต่ต้องล็อกอินก่อน ::
  ล็อกอิน

รายการสื่อสารสนเทศ

ลำดับที่ ประเภท เลขเรียก/บาร์โค้ด สถานที่ สถานะ
1. นวนิยาย
นวนิยาย
นว. ณ410ป 2552  
  Barcode: 16309
ห้องสมุดวิทยาเขตสวรรค์ประชารักษ์
►นวนิยาย
บนชั้น
  ขอยืม

รายการใกล้เคียง
    ผู้แต่ง [ณารา]

BibComment


ยังไม่เคยถูกคอมเมนท์

คอมเมนท์ทรัพยากรรายการนี้
  คอมเมนท์: ปฏิบัติการล่าตามห..


 Copyright 2026. Bcnsprnw @Library